| 000 | 00377nam a22001337a 4500 | ||
|---|---|---|---|
| 020 | _a0-470-26650-3 | ||
| 082 | _a5072 WEI'N | ||
| 100 |
_aWEIMER, WALTER B _974078 |
||
| 245 | _aNOTES ON THE MATHODOLOGY OF SCIENCE RESEARCH | ||
| 260 |
_aNEWYORK _bJOHN WILEY _c1979 |
||
| 300 | _a257P | ||
| 650 |
_aKNOWLEDGE THEORY SCIENCE PHILOSOPHY RESEARCH METHODOLOGY _974079 |
||
| 942 | _cBK | ||
| 999 |
_c579655 _d579655 |
||